000
00321nam a22001457a 4500
008
221130b ||||| |||| 00| 0 eng d
020
_a
9781259923579
041
_a
eng
080
_2
FIFTH EDITION
_a
611
082
_a
611 MCK
100
_a
10
101
_a
ANAT
245
_a
HUMAN ANATOMY
_c
MCKINLEY
942
_2
udc
_c
BK
999
_c
59038
_d
59038